001740000a220007300045001000019000002450031000193000032000507730018000821 aGray, Laurence10aOn the streets in Cambodia aNum. 3 (2001), Páginas 190 tGlobal Future